<?xml version="1.0" encoding="UTF-8"?>
<collection xmlns="http://www.loc.gov/MARC21/slim">
 <record>
  <leader>00538pamaa2200169   4500</leader>
  <controlfield tag="001">0000022539</controlfield>
  <controlfield tag="005">20090410090000.0</controlfield>
  <datafield tag="020" ind1="0" ind2="0">
   <subfield code="a">0071169792/007561832X </subfield>
  </datafield>
  <datafield tag="082" ind1=" " ind2=" ">
   <subfield code="a">621.3 RIZ 2000</subfield>
  </datafield>
  <datafield tag="090" ind1="0" ind2="0">
   <subfield code="a">TK146 </subfield>
   <subfield code="b">RIZ 2000</subfield>
  </datafield>
  <datafield tag="100" ind1="1" ind2="0">
   <subfield code="a">Rizzoni </subfield>
  </datafield>
  <datafield tag="245" ind1="1" ind2="0">
   <subfield code="a">Principles and applications of electrical engineering  </subfield>
   <subfield code="c">Giorgio Rizzoni.</subfield>
  </datafield>
  <datafield tag="250" ind1="0" ind2="0">
   <subfield code="a">3rd ed.</subfield>
  </datafield>
  <datafield tag="260" ind1="0" ind2="0">
   <subfield code="a">Boston: </subfield>
   <subfield code="b">McGraw Hill, </subfield>
   <subfield code="c">2000.</subfield>
  </datafield>
  <datafield tag="300" ind1=" " ind2=" ">
   <subfield code="a">xxi, 976p.: </subfield>
   <subfield code="b">26cm.</subfield>
  </datafield>
  <datafield tag="500" ind1="0" ind2="0">
   <subfield code="a">Includes 1 CD-ROM titled &quot;Principles and applications of electrical engineering&quot;</subfield>
  </datafield>
  <datafield tag="650" ind1="0" ind2="0">
   <subfield code="a">Electric engineering </subfield>
  </datafield>
 </record>
</collection>
